| 000 | 04493 a2200493 4500 | ||
|---|---|---|---|
| 005 | 2009052002512.0 | ||
| 008 | 090520t xxu||||| |||| 00| 0 eng d | ||
| 010 | _aENG-90133 B-309938-952 | ||
| 020 |
_c850.00 _a0195692527 |
||
| 020 |
_c850.00 _a9780195692525 |
||
| 035 | _aEN-73666 | ||
| 035 | _a B-309938-952 | ||
| 035 | _aB-359134 | ||
| 037 | _bDBAD / PUB | ||
| 037 | _bPansy Books | ||
| 040 |
_adpl _bEnglish |
||
| 082 | _a301.153 | ||
| 245 |
_aThe oxford India Gandhi: _ccompiled and edited by Gopalkrishna Gandhi _bessential writings / |
||
| 260 |
_aNew Delhi _bOxford University Press _c2008 |
||
| 270 |
_aYMCA Library Building, Jai Singh Road _bNew Delhi _cDelhi _e110001 |
||
| 300 |
_axxviii, 863p. _c22cm(Hb) |
||
| 500 | _aIncludes bibliographical references & index | ||
| 700 | _aGandhi, Gopalakrishna | ||
| 942 |
_adpl _cEN _2ddc _h301.153 _mOXF |
||
| 999 |
_c12167 _d12167 |
||